00378nam a2200121Ia 450000500170000000800410001708200170005810000180007524500690009326000360016230000100019865000480020820240821155717.0240821s9999||||xx |||||||||||||| ||und|| a784.4954 PAT aPathak, Durga 0aChhatteesgarhi avam bundelee ke lok geeton ka tulnatmak adhyayan aAllahabadbSahitya Sangamc1994 a468p. aArts, Crafts, Music, Sports And Recreations